Informační podpora managementu
Problematika informačnej podpory managementu podniku v spoločnosti Unicorn. Manažerská metodika. Manažerský reporting. Štruktúra manažerského reportingu. Ciele informačnej podpory manažmentu.
Enregistré dans:
| Auteur principal: | |
|---|---|
| Format: | Chapitre de livre |
| Langue: | tchèque |
| Sujets: | |
| Tags: |
Pas de tags, Soyez le premier à ajouter un tag!
|
MARC
| LEADER | 00000naa$a2200000$$$4500 | ||
|---|---|---|---|
| 001 | 0054077 | ||
| 005 | 20231128135055.0 | ||
| 041 | 0 | |a cze | |
| 044 | |a CZ | ||
| 245 | 1 | 0 | |a Informační podpora managementu |c Petr Brabec |
| 520 | |a Problematika informačnej podpory managementu podniku v spoločnosti Unicorn. Manažerská metodika. Manažerský reporting. Štruktúra manažerského reportingu. Ciele informačnej podpory manažmentu. | ||
| 610 | 2 | 0 | |a manažment informačný |
| 610 | 2 | 0 | |a systémy informačné |
| 610 | 2 | 0 | |a reporting |
| 610 | 2 | 0 | |a informácie vnútropodnikové |
| 610 | 2 | 0 | |a systémy informačné podnikové |
| 100 | 1 | |a Brabec, Petr | |